Normal view
MARC view
Entry Topical Term
001 - CONTROL NUMBER
- control field: 7984
003 - CONTROL NUMBER IDENTIFIER
- control field: ARRUPE
005 - DATE AND TIME OF LATEST TRANSACTION
- control field: 20140205124835.0
008 - FIXED-LENGTH DATA ELEMENTS
- fixed length control field: 140205|| aca||aabn | a|a d
040 ## - CATALOGING SOURCE
- Original cataloging agency: ARRUPE
- Transcribing agency: ARRUPE
150 ## - HEADING--TOPICAL TERM
- Topical term or geographic name as entry element: Industrial productivity
- Geographic subdivision: Japan.
670 ## - SOURCE DATA FOUND
- Source citation: Work cat.: (ARRUPE)0: Feinberg, Walter, 1937- 7978, Japan and the pursuit of a new American identity :, 1993.